Statistics for A-Z: UK

Click here to take the quiz!

General Stats

  • This quiz has been taken 46 times
  • The average score is 20 of 26

Answer Stats

HintAnswer% Correct
Main language of the UKEEnglish
100%
Capital of Northern IrelandBBelfast
98%
Controversial Prime Minister who served between 2019 and 2022JBoris Johnson
93%
Town famous for its white cliffsDDover
93%
This large city used to have the nickname CottonopolisMManchester
93%
This lady was Queen of Britain and Empress of IndiaVVictoria
93%
Scotland Yard is the home of this forcePPolice
90%
Railway station named after a famous 19th century battleWWaterloo
90%
"Granite City" in ScotlandAAberdeen
88%
Alternative name for DerryLLondonderry
88%
A game with an oval ball, invented in an English public schoolRRugby
88%
Scottish dish made of sheep organsHHaggis
85%
Sea between the UK and IrelandIIrish Sea
85%
Common accessory for protection against the British weatherUUmbrella
85%
City on the river TyneNNewcastle
83%
Cathedral city whose bishop is the second most senior in the Church of EnglandYYork
83%
Manchester band featuring the brothers Noel and LiamOOasis
78%
Visitor attraction found in London, Chester, Colchester and other placesZZoo
73%
A collection of people known as a "line" in the USAQQueue
71%
Dog breed from WalesCCorgi
68%
Skyscraper in London named after a vegetableGGherkin
56%
City on the river HullKKingston
56%
City of Kublai Khan in the poem by English poet Samuel Taylor ColeridgeXXanadu
54%
Third longest river in the UKTTrent
46%
A narrow inlet or an estuary common in ScotlandFFirth
41%
Home of the Northern Ireland AssemblySStormont
32%

Score Distribution

Percentile by Number Answered

Percent of People with Each Score

Your Score History

You have not taken this quiz